Limited budget : building great designs on a limited budget
Αποθηκεύτηκε σε:
| Κύριος συγγραφέας: | |
|---|---|
| Μορφή: | Βιβλίο |
| Γλώσσα: | English |
| Δημοσίευση: |
Massachusetts :
Rockport,
c1998
|
| Σειρά: | Graphic idea resource
|
| Θέματα: | |
| Ετικέτες: |
Προσθήκη ετικέτας
Δεν υπάρχουν, Καταχωρήστε ετικέτα πρώτοι!
|
MARC
| LEADER | 00000nam a2200000 i 4500 | ||
|---|---|---|---|
| 001 | 1/15407 | ||
| 008 | 010117s1998 eng d | ||
| 020 | |a 1-56496-515-5 | ||
| 035 | |l 10065395 | ||
| 040 | |a GR-MY-UA |b gre |e aacr | ||
| 041 | 0 | |a eng | |
| 082 | 0 | |a 741.6 | |
| 100 | 1 | |a Sawahata, Lesa. | |
| 245 | 1 | 0 | |a Limited budget : |b building great designs on a limited budget / |c Lesa Sawahata |
| 260 | |a Massachusetts : |b Rockport, |c c1998 | ||
| 300 | |a 96 p.; |b ill.; |c 28 cm. | ||
| 490 | 1 | |a Graphic idea resource | |
| 650 | 0 | 0 | |a Graphic arts. |
| 650 | 0 | 0 | |a Graphic arts |x Technique. |
| 650 | 0 | 0 | |a Graphic arts |z United States. |
| 650 | 0 | 0 | |a Graphic arts |x Cost control. |
| 650 | 0 | 0 | |a Commercial art. |
| 650 | 0 | 0 | |a Logography. |
| 650 | 0 | 0 | |a Paper art. |
| 830 | 0 | |a Graphic idea resource | |
| 852 | |a INST |b SYROS |e 20010117 |h 741.6 SAW |p 005500001793 |q 005500001793 |t BK |y 0 | ||
| 901 | |a BIBL5-2001-1 | ||
| 909 | |a Ε |b 084147 | ||
| 922 | |a 5ΕΛΗ |b 200012 |c ΓΡΑΦΙΚΩΝ ΤΕΧΝΩΝ |d LEADER BOOKS | ||
| 970 | |a ΚΟΝΤΟΥ |b ΠΑΡΑΣΚΕΥΗ |z 2001/01/17 | ||